Noticia histórica de la solemne regia apertura de la Universidad Central en el curso académico de 1855 a 1856 / (Record no. 23697)

MARC details
000 -LEADER
campo de control de longitud fija 00942nam a2200241 i 4500
001 - NÚMERO DE CONTROL
campo de control 23697
003 - IDENTIFICADOR DE NÚMERO DE CONTROL
campo de control ES-MaACL
005 - FECHA Y HORA DE LA ÚLTIMA TRANSACCIÓN
campo de control 20240203062542.0
007 - CAMPO FIJO DE DESCRIPCIÓN FÍSICA--INFORMACIÓN GENERAL
campo de control de longitud fija t|
008 - DATOS DE LONGITUD FIJA--INFORMACIÓN GENERAL
campo de control de longitud fija 021212s1856 sp ||||1| spa d
080 ## - NÚMERO DE LA CLASIFICACIÓN DECIMAL UNIVERSAL
Número de la Clasificación Decimal Universal 378.4(460.27 M.)(091)
100 1# - ENTRADA PRINCIPAL--NOMBRE DE PERSONA
Nombre de persona Amador de los Ríos, José,
Fechas asociadas al nombre 1818-1878
9 (RLIN) 21088
245 10 - MENCIÓN DEL TÍTULO
Título Noticia histórica de la solemne regia apertura de la Universidad Central en el curso académico de 1855 a 1856 /
Mención de responsabilidad, etc. escrita por el doctor D. José Amador de los Ríos.
260 ## - PUBLICACIÓN, DISTRIBUCIÓN, ETC.
Lugar de publicación, distribución, etc. Madrid :
Nombre del editor, distribuidor, etc. [s.n.],
Fecha de publicación, distribución, etc. 1856 (
Fabricante Imp. Nacional)
300 ## - DESCRIPCIÓN FÍSICA
Extensión 53 p. ;
Dimensiones 24 cm.
530 ## - NOTA DISPONIBLE DE FORMULARIO FÍSICO ADICIONAL
Nota de formato físico adicional disponible Disponible en formato digital.
610 24 - PUNTO DE ACCESO ADICIONAL DE MATERIA--NOMBRE DE ENTIDAD CORPORATIVA
Nombre de entidad corporativa o nombre de jurisdicción como elemento de entrada Universidad Central (Madrid)-
Subdivisión de forma Historia.
9 (RLIN) 163512
710 2# - ENTRADA AGREGADA--NOMBRE DE ENTIDAD CORPORATIVA
Nombre de entidad corporativa o nombre de jurisdicción como elemento de entrada Universidad Central (Madrid)
9 (RLIN) 7084
852 4# - LOCALIZACIÓN
Ubicación ES-MaACL
Número de control de estantería T-44-F-5
852 4# - LOCALIZACIÓN
Ubicación ES-MaACL
Número de control de estantería T-44-F-8
856 4# - LOCALIZACIÓN Y ACCESO ELECTRÓNICOS
Identificador Uniforme de Recursos <a href="http://bdh-rd.bne.es/viewer.vm?id=0000140370&page=1 ">http://bdh-rd.bne.es/viewer.vm?id=0000140370&page=1 </a>
Nota pública Biblioteca Digital Hispánica
Holdings
Estatus retirado Estado de pérdida Estado de daño No para préstamo Colección Biblioteca de origen Biblioteca actual Ubicación en estantería Fecha de adquisición Fuente de adquisición Total de préstamos Signatura topográfica completa Código de barras Visto por última vez Precio de reemplazo Tipo de ítem Koha
        Colección de folletos Biblioteca del Ateneo de Madrid Biblioteca del Ateneo de Madrid Depósito folletos 17/01/2008     T-44-F-5 1024421 23/02/2023 23/02/2023 Folleto